Buscando la salud mental: una psicología sobre las ideas de Jung
Guardat en:
| Autor principal: | |
|---|---|
| Format: | Llibre |
| Idioma: | espanyol |
| Publicat: |
Buenos Aires
Losada
1951
|
| Matèries: | |
| Etiquetes: |
Afegir etiqueta
Sense etiquetes, Sigues el primer a etiquetar aquest registre!
|
MARC
| LEADER | 00000nam a2200000 a 4500 | ||
|---|---|---|---|
| 001 | UCY5698 | ||
| 003 | CL-VaPUC | ||
| 005 | 20230511074341.0 | ||
| 008 | 950512e19510000AG |||||||||||||||||spa|d | ||
| 999 | |c 233325 |d 233323 | ||
| 040 | |c Pontificia Universidad Católica de Valparaíso | ||
| 082 | 0 | 4 | |a 150.195 |b GIB |2 21 |
| 100 | 0 | |a Gibb, Andrew Shirra |e author |9 334798 | |
| 245 | 1 | 0 | |a Buscando la salud mental: una psicología sobre las ideas de Jung |
| 260 | |a Buenos Aires |b Losada |c 1951 | ||
| 300 | |a 571 p | ||
| 583 | |a last modification |c 19950512 00:00:00 |k Rodrigo Vera | ||
| 600 | 0 | |a Jung, Carl Gustav, |d 1875-1961 |9 858599 | |
| 650 | 0 | |a Salud mental |9 308393 | |
| 650 | 0 | |a Psicoanálisis |9 265702 | |
| 650 | 0 | |a Conciencia |9 309452 | |
| 650 | 0 | |a Mente |9 330838 | |
| 650 | 0 | |a Emociones |9 265224 | |
| 650 | 0 | |a Enfermedades mentales |9 310204 | |
| 650 | 0 | |a Relaciones interpersonales |9 307056 | |
| 852 | |a BIBCUR | ||
| 942 | |c BK |2 ddc | ||
| 945 | |d 19950512 00:00:00 |a mfernand | ||
| 952 | |0 0 |1 0 |4 0 |6 150_195000000000000_GIB_1951 |7 0 |8 P |9 238760 |a BIBEDU |b BIBEDU |c BIBEDU_PB |d 2019-11-18 |i 1505289 |o 150.195 GIB 1951 |p 1505289 |r 2024-01-25 |w 2019-11-18 |y BK |k EDU | ||